Из современной японской поэзии: сборник; пер. с яп.; Стихи; Стихи; Стихи; Стихи; Стихи

Podrobná bibliografie
Další autoři: Долин А. А. Александр Аркадьевич (составитель автор предисловия)
Shrnutí:В сборник включены произведения мастеров современной поэзии стиля «гэндайси»: Мицухару Канэко, Тацудзи Миёси, Симпэй Кусано, Таро Китамура, Сюнтаро Таникава. Творчество этих поэтов, принадлежащих к разным поколениям, отражает основные направления в развитии японского стиха за несколько последних десятилетий: тонкая интимная лирика, элегические раздумья, выдержанные в мягких тонах пейзажные зарисовки соседствуют на страницах книги с яростными песнями протеста.
Jazyk:ruština
Vydáno: Москва, Прогресс, 1981
TOC:М. Канэко, Стихи;
Т. Миёси, Стихи;
С. Кусано, Стихи;
Т. Китамура, Стихи;
С. Таникава, Стихи;
Témata:
Médium: MixedMaterials Kniha
KOHA link:https://koha.lib.tpu.ru/cgi-bin/koha/opac-detail.pl?biblionumber=359163

MARC

LEADER 00000nam0a2200000 4500
001 359163
005 20231102011151.0
020 |a RU  |b 81-72957 
035 |a (RuTPU)RU\TPU\retro\16435 
090 |a 359163 
100 |a 20200923d1981 m y0rusy5003 ca 
101 1 |a rus  |c jpn 
102 |a RU 
105 |a y z 000ay 
200 1 |a Из современной японской поэзии  |e сборник  |e пер. с яп.  |f сост. А. А. Долин 
210 |a Москва  |c Прогресс  |d 1981 
215 |a 199 с. 
330 |a В сборник включены произведения мастеров современной поэзии стиля «гэндайси»: Мицухару Канэко, Тацудзи Миёси, Симпэй Кусано, Таро Китамура, Сюнтаро Таникава. Творчество этих поэтов, принадлежащих к разным поколениям, отражает основные направления в развитии японского стиха за несколько последних десятилетий: тонкая интимная лирика, элегические раздумья, выдержанные в мягких тонах пейзажные зарисовки соседствуют на страницах книги с яростными песнями протеста. 
464 |t Стихи  |f М. Канэко 
464 |t Стихи  |f Т. Миёси 
464 |t Стихи  |f С. Кусано 
464 |t Стихи  |f Т. Китамура 
464 |t Стихи  |f С. Таникава 
606 1 |a Японская литература  |2 stltpush  |3 (RuTPU)RU\TPU\subj\21829  |9 46759 
610 1 |a поэзия 
610 1 |a лирика 
610 1 |a стихи 
675 |a 895.6 
702 1 |a Долин  |b А. А.  |g Александр Аркадьевич  |4 220  |4 080 
801 0 |a RU  |b RuMRKP  |c 19950704  |g psbo 
801 1 |a RU  |b 63413507  |c 20200923 
801 2 |a RU  |b 63413507  |c 20201207  |g RCR 
942 |c BK